UM Logo
Normal view MARC view
  • Risberg, Mia.

Entry Meeting Name

Number of records used in: 1

001 - CONTROL NUMBER

  • control field: 69067

003 - CONTROL NUMBER IDENTIFIER

  • control field: OSt

005 - DATE AND TIME OF LATEST TRANSACTION

  • control field: 20251030135006.0

008 - FIXED-LENGTH DATA ELEMENTS

  • fixed length control field: 251030|| aca||aabn | a|a d

040 ## - CATALOGING SOURCE

  • Original cataloging agency: OSt

111 ## - HEADING--MEETING NAME

  • Meeting name or jurisdiction name as entry element: Risberg, Mia.
  • Relator term: author.